[Event "4NCL Division 1b"]
[Site "Birmingham ENG"]
[Date "2015.02.15"]
[Round "6.151"]
[White "Sadler, Matthew"]
[Black "Howell, David WL"]
[Result "1/2-1/2"]
[WhiteElo "2658"]
[BlackElo "2663"]
[PlyCount "100"]
[EventDate "2015.02.15"]
[WhiteTeam "Guildford 1"]
[BlackTeam "Cheddleton 1"]

1. e4 e5 2. Nf3 Nc6 3. Bb5 a6 4. Ba4 Nf6 5. Qe2 Bd6 6. c3 O-O 7. d3 Re8 8. Nbd2
Bf8 9. Nf1 d6 10. Ng3 Bd7 11. Bc2 a5 12. a4 h6 13. O-O d5 14. h3 Be6 15. Bd2
Qe7 16. Rfe1 dxe4 17. dxe4 g6 18. Be3 Red8 19. Rad1 b6 20. Qb5 Rxd1 21. Rxd1
Bd7 22. Qc4 Qe8 23. Qa2 Be6 24. Bb3 Bxb3 25. Qxb3 Rd8 26. Rxd8 Qxd8 27. Qc4 Qd6
28. Nf1 Nb8 29. N1d2 Nfd7 30. Kf1 Qc6 31. Ke2 Qxc4+ 32. Nxc4 Nc6 33. Ne1 f5 34.
exf5 gxf5 35. f4 e4 36. g4 Kf7 37. Ng2 Ke6 38. Nh4 fxg4 39. hxg4 Nf6 40. Ng6
Kf7 41. Nxf8 Kxf8 42. g5 hxg5 43. fxg5 Nd5 44. Nd2 Kf7 45. Nxe4 Kg6 46. Bd2 Ne5
47. b3 Kf5 48. Nf2 Nf7 49. Kd3 Ne5+ 50. Ke2 Nf7 1/2-1/2

[Event "4NCL Division 1b"]
[Site "Birmingham ENG"]
[Date "2015.02.15"]
[Round "6.152"]
[White "Arkell, Keith C"]
[Black "van Kampen, Robin"]
[Result "1/2-1/2"]
[WhiteElo "2510"]
[BlackElo "2626"]
[PlyCount "48"]
[EventDate "2015.02.15"]
[WhiteTeam "Cheddleton 1"]
[BlackTeam "Guildford 1"]

1. d4 Nf6 2. Nf3 b6 3. c4 Bb7 4. g3 g6 5. Bg2 Bg7 6. Nc3 Ne4 7. Nxe4 Bxe4 8.
Be3 O-O 9. Qd2 d5 10. cxd5 Qxd5 11. Bh6 Nc6 12. Bxg7 Kxg7 13. Qc3 Qa5 14. Qxa5
bxa5 15. e3 Rab8 16. b3 e5 17. O-O exd4 18. Nxd4 Bxg2 19. Kxg2 Nxd4 20. exd4
Rfd8 21. Rfc1 Rxd4 22. Rxc7 a4 23. Re1 axb3 24. axb3 Rd6 1/2-1/2

[Event "4NCL Division 1b"]
[Site "Birmingham ENG"]
[Date "2015.02.15"]
[Round "6.153"]
[White "Jones, Gawain"]
[Black "Colovic, Aleksandar"]
[Result "1/2-1/2"]
[WhiteElo "2670"]
[BlackElo "2477"]
[PlyCount "97"]
[EventDate "2015.02.15"]
[WhiteTeam "Guildford 1"]
[BlackTeam "Cheddleton 1"]

1. c4 c5 2. Nf3 Nf6 3. Nc3 Nc6 4. g3 g6 5. Bg2 Bg7 6. O-O O-O 7. d4 cxd4 8.
Nxd4 Nxd4 9. Qxd4 d6 10. Qd3 a6 11. c5 dxc5 12. Qxd8 Rxd8 13. Be3 Be6 14. Rad1
Rd7 15. Bxc5 Re8 16. Bb4 Rc7 17. Rd2 b6 18. Rfd1 Kf8 19. e3 Rc4 20. Ba3 b5 21.
Bf1 Rcc8 22. f3 h5 23. Bb4 Rb8 24. b3 Rec8 25. Ne2 Ke8 26. Nf4 Bd7 27. e4 Bc6
28. Nd5 Nxd5 29. exd5 Bd7 30. Re2 e6 31. dxe6 Bxe6 32. Bh3 Rb6 33. Rde1 Kd7 34.
Rd1+ Ke8 35. Rde1 Kd7 36. Rd2+ Ke8 37. Kf2 Bc3 38. Bxc3 Rxc3 39. Bxe6 Rxe6 40.
Rxe6+ fxe6 41. h4 Ke7 42. Kg2 a5 43. g4 hxg4 44. fxg4 a4 45. bxa4 bxa4 46. Rf2
a3 47. Rf3 Rc2+ 48. Rf2 Rc3 49. Rf3 1/2-1/2

[Event "4NCL Division 1b"]
[Site "Birmingham ENG"]
[Date "2015.02.15"]
[Round "6.154"]
[White "Hawkins, Jonathan"]
[Black "Edouard, Romain"]
[Result "1/2-1/2"]
[WhiteElo "2554"]
[BlackElo "2627"]
[PlyCount "52"]
[EventDate "2015.02.15"]
[WhiteTeam "Cheddleton 1"]
[BlackTeam "Guildford 1"]

1. d4 Nf6 2. c4 e6 3. Nc3 Bb4 4. Qc2 O-O 5. Nf3 c5 6. dxc5 Na6 7. g3 Nxc5 8.
Bg2 Nce4 9. O-O Nxc3 10. bxc3 Be7 11. e4 d6 12. e5 dxe5 13. Nxe5 Qc7 14. Qe2
Bd6 15. Bf4 Ne8 16. c5 Qxc5 17. c4 Be7 18. Rfc1 Nd6 19. Rab1 Rd8 20. g4 f6 21.
Nd3 Qa5 22. Bd5 Bf8 23. Bxe6+ Bxe6 24. Qxe6+ Kh8 25. Qe2 Rac8 26. c5 Re8
1/2-1/2

[Event "4NCL Division 1b"]
[Site "Birmingham ENG"]
[Date "2015.02.15"]
[Round "6.155"]
[White "Lagarde, Maxime"]
[Black "Williams, Simon K"]
[Result "1/2-1/2"]
[WhiteElo "2581"]
[BlackElo "2434"]
[PlyCount "62"]
[EventDate "2015.02.15"]
[WhiteTeam "Guildford 1"]
[BlackTeam "Cheddleton 1"]

1. d4 Nf6 2. c4 g6 3. Nc3 Bg7 4. e4 d6 5. Nge2 O-O 6. Ng3 a6 7. Be2 c5 8. dxc5
dxc5 9. e5 Qxd1+ 10. Bxd1 Nfd7 11. f4 Nc6 12. Nge4 f6 13. exf6 exf6 14. Nd6 Rd8
15. Nd5 f5 16. O-O Nf6 17. Nxc8 Raxc8 18. Bf3 Re8 19. Be3 Ne4 20. Rad1 Nd4 21.
Kh1 b5 22. cxb5 axb5 23. b4 Nxf3 24. gxf3 Nc3 25. Nxc3 Rxe3 26. Nd5 Re6 27.
bxc5 Rxc5 28. Rf2 Rc4 29. Rfd2 Bh6 30. Kg2 Kf7 31. Rb1 Bxf4 1/2-1/2

[Event "4NCL Division 1b"]
[Site "Birmingham ENG"]
[Date "2015.02.15"]
[Round "6.156"]
[White "Eggleston, David J"]
[Black "Le Roux, Jean-Pierre"]
[Result "1/2-1/2"]
[WhiteElo "2424"]
[BlackElo "2539"]
[PlyCount "49"]
[EventDate "2015.02.15"]
[WhiteTeam "Cheddleton 1"]
[BlackTeam "Guildford 1"]

1. e4 c6 2. d4 d5 3. Nc3 dxe4 4. Nxe4 Nf6 5. Nxf6+ gxf6 6. c3 h5 7. Bc4 h4 8.
Qb3 e6 9. Nf3 Nd7 10. O-O Nb6 11. Be2 Qc7 12. c4 e5 13. dxe5 fxe5 14. a4 h3 15.
g3 Bg4 16. Bg5 Rh5 17. Qe3 Nd7 18. Rad1 f6 19. Rxd7 Qxd7 20. Nxe5 fxe5 21.
Qxe5+ Qe7 22. Bxg4 Qxe5 23. Bxh5+ Kd7 24. Bg4+ Ke8 25. Bh5+ 1/2-1/2

[Event "4NCL Division 1b"]
[Site "Birmingham ENG"]
[Date "2015.02.15"]
[Round "6.157"]
[White "Stefanova, Antoaneta"]
[Black "Hamitevici, Vladimir"]
[Result "1/2-1/2"]
[WhiteElo "2513"]
[BlackElo "2445"]
[PlyCount "82"]
[EventDate "2015.02.15"]
[WhiteTeam "Guildford 1"]
[BlackTeam "Cheddleton 1"]

1. Nf3 c5 2. b3 g6 3. Bb2 Nf6 4. e4 Bg7 5. Bd3 Nc6 6. O-O O-O 7. Re1 d5 8. exd5
Nxd5 9. Bxg7 Kxg7 10. Bb5 Nd4 11. Nxd4 cxd4 12. Qe2 e6 13. c3 Qf6 14. cxd4 a6
15. Bc4 Nb4 16. Qe4 Rd8 17. Nc3 Rxd4 18. Qb1 Rd8 19. Re3 b5 20. Be2 Bb7 21. a3
Nd5 22. Nxd5 Rxd5 23. Ra2 Rc8 24. h3 Rf5 25. f3 Rfc5 26. Qb2 Qxb2 27. Rxb2 Rc2
28. Rxc2 Rxc2 29. d4 Ra2 30. b4 Rd2 31. Kf2 Rxd4 32. Rc3 Rd7 33. Ke3 f5 34. h4
Kf6 35. g3 h6 36. Rc1 Rh7 37. Rc5 Rd7 38. Rc1 Ke5 39. Rc5+ Kd6 40. a4 bxa4 41.
Ra5 g5 1/2-1/2

[Event "4NCL Division 1b"]
[Site "Birmingham ENG"]
[Date "2015.02.15"]
[Round "6.158"]
[White "Steil-Antoni, Fiona"]
[Black "Hebden, Mark"]
[Result "0-1"]
[WhiteElo "2083"]
[BlackElo "2491"]
[PlyCount "58"]
[EventDate "2015.02.15"]
[WhiteTeam "Cheddleton 1"]
[BlackTeam "Guildford 1"]

1. e4 e5 2. Nf3 Nc6 3. Nc3 Nf6 4. g3 d5 5. exd5 Nxd5 6. Bg2 Nxc3 7. bxc3 Bc5 8.
O-O O-O 9. d3 Bb6 10. Re1 Qf6 11. Bd2 Re8 12. Qe2 h6 13. h3 Bd7 14. Nh2 Rad8
15. Ng4 Qg6 16. Kh2 h5 17. Be4 Qe6 18. Nh6+ gxh6 19. Qxh5 Kg7 20. g4 Rh8 21. f4
Ne7 22. fxe5 Bc6 23. Bf5 Qd5 24. Be4 Qxe4 25. dxe4 Rxd2+ 26. Kh1 Ng6 27. Qf5
Rf2 28. Qh5 Rd8 29. g5 Rdd2 0-1

[Event "4NCL Division 1b"]
[Site "Birmingham ENG"]
[Date "2015.02.15"]
[Round "6.161"]
[White "Ghasi, Ameet K"]
[Black "Mladenov, Plamen"]
[Result "1-0"]
[WhiteElo "2466"]
[BlackElo "2377"]
[PlyCount "67"]
[EventDate "2015.02.15"]
[WhiteTeam "Grantham Sharks 1"]
[BlackTeam "e2e4.org.uk 1"]

1. Nf3 c5 2. g3 Nc6 3. Bg2 d5 4. O-O Nf6 5. d3 g6 6. Nbd2 Bg7 7. e4 O-O 8. c3
e6 9. Re1 a5 10. a4 b6 11. Nb1 Ra7 12. e5 Nd7 13. Bf4 f6 14. exf6 Nxf6 15. Na3
Raf7 16. Nb5 Ne8 17. Be3 Nd6 18. Ng5 Rf5 19. f4 Nxb5 20. axb5 Na7 21. d4 cxd4
22. Bxd4 e5 23. Bxe5 Bxe5 24. Qxd5+ Qxd5 25. Bxd5+ Kg7 26. Rxe5 Rxe5 27. fxe5
Nxb5 28. Bc6 Na7 29. Bd5 Nb5 30. Re1 Nc7 31. Bc6 Bf5 32. Nf3 Ne6 33. Nd4 Rc8
34. Nxf5+ 1-0

[Event "4NCL Division 1b"]
[Site "Birmingham ENG"]
[Date "2015.02.15"]
[Round "6.162"]
[White "Rudd, Jack"]
[Black "Czakon, Jakub"]
[Result "0-1"]
[WhiteElo "2255"]
[BlackElo "2479"]
[PlyCount "66"]
[EventDate "2015.02.15"]
[WhiteTeam "e2e4.org.uk 1"]
[BlackTeam "Grantham Sharks 1"]

1. e4 g6 2. d4 c6 3. c4 Bg7 4. Nc3 d6 5. Be3 Nf6 6. f3 a6 7. Qd2 h5 8. Nge2 b5
9. Nf4 Nbd7 10. O-O-O e5 11. dxe5 dxe5 12. Nd3 Qe7 13. c5 a5 14. a4 b4 15. Nb1
Ba6 16. Qc2 Bh6 17. Bxh6 Rxh6 18. Nd2 Bxd3 19. Bxd3 Nxc5 20. Nc4 Nfd7 21. Be2
Kf8 22. Rd6 Kg7 23. Rhd1 Rhh8 24. Nb6 Qg5+ 25. Kb1 b3 26. Qc4 Nxb6 27. Qxc5
Nxa4 28. Qxc6 Nxb2 29. Kxb2 Rac8 30. Qb5 Rc2+ 31. Ka3 Rhc8 32. Rd7 R8c3 33.
Rxf7+ Kh6 0-1

[Event "4NCL Division 1b"]
[Site "Birmingham ENG"]
[Date "2015.02.15"]
[Round "6.163"]
[White "Grund, Holger"]
[Black "Longson, Alexander"]
[Result "0-1"]
[WhiteElo "2404"]
[BlackElo "2323"]
[PlyCount "76"]
[EventDate "2015.02.15"]
[WhiteTeam "Grantham Sharks 1"]
[BlackTeam "e2e4.org.uk 1"]

1. e4 c5 2. Nf3 d6 3. Bb5+ Nd7 4. c3 Ngf6 5. Qe2 a6 6. Ba4 e6 7. O-O Be7 8. d4
b5 9. Bc2 Bb7 10. a4 O-O 11. Nbd2 e5 12. Rd1 Qc7 13. dxe5 dxe5 14. Nh4 g6 15.
Nf1 c4 16. Ng3 Nc5 17. Bg5 Ne6 18. Bh6 Rfd8 19. h3 b4 20. Rxd8+ Rxd8 21. Rd1
Rxd1+ 22. Bxd1 Nf4 23. Qd2 Nxe4 24. Nxe4 Bxe4 25. Nf3 Nd3 26. Ng5 Bd5 27. Be2
bxc3 28. bxc3 e4 29. Bxd3 cxd3 30. c4 Qxc4 31. Qb2 Bf8 32. Bxf8 Kxf8 33. Nxh7+
Ke7 34. Qe5+ Be6 35. Qg5+ Kd6 36. Nf6 Kc6 37. Qf4 Qd4 38. Qxe4+ Kc5 0-1

[Event "4NCL Division 1b"]
[Site "Birmingham ENG"]
[Date "2015.02.15"]
[Round "6.164"]
[White "Sowray, Peter J"]
[Black "Roberson, Peter T"]
[Result "0-1"]
[WhiteElo "2314"]
[BlackElo "2406"]
[PlyCount "86"]
[EventDate "2015.02.15"]
[WhiteTeam "e2e4.org.uk 1"]
[BlackTeam "Grantham Sharks 1"]

1. b3 e5 2. Bb2 Nc6 3. e3 Nf6 4. Bb5 Bd6 5. Bxc6 dxc6 6. d3 O-O 7. Nd2 Re8 8.
Ngf3 Nd7 9. O-O Nf8 10. h3 Ng6 11. Ne4 c5 12. Qd2 b6 13. a3 a5 14. c4 Bb7 15.
Qe2 f5 16. Nc3 e4 17. dxe4 fxe4 18. Nh2 Ne5 19. Nd5 Qg5 20. Ng4 Nxg4 21. Qxg4
Qxg4 22. hxg4 a4 23. bxa4 Rxa4 24. Rfd1 Bxd5 25. cxd5 Kf7 26. Kf1 b5 27. Ke2
Rea8 28. Rab1 Rb8 29. Rh1 h6 30. Rbd1 c4 31. g5 hxg5 32. Rh7 Rg8 33. f4 gxf4
34. exf4 Bxa3 35. Be5 Bd6 36. Ke3 b4 37. Kxe4 b3 38. Bc3 Bb4 39. Kd4 Be7 40.
Rh3 Rb8 41. Rb1 Bf6+ 42. Kc5 Bxc3 43. Rxc3 b2 0-1

[Event "4NCL Division 1b"]
[Site "Birmingham ENG"]
[Date "2015.02.15"]
[Round "6.165"]
[White "Rendle, Thomas E"]
[Black "Jackson, James P"]
[Result "1/2-1/2"]
[WhiteElo "2378"]
[BlackElo "2297"]
[PlyCount "132"]
[EventDate "2015.02.15"]
[WhiteTeam "Grantham Sharks 1"]
[BlackTeam "e2e4.org.uk 1"]

1. e4 c5 2. d3 Nc6 3. f4 e6 4. Nf3 d5 5. Be2 Nf6 6. e5 Nd7 7. c4 Nb6 8. O-O Be7
9. Be3 O-O 10. Nbd2 Bd7 11. a3 a5 12. Rb1 a4 13. Qe1 Na5 14. g4 Bc6 15. f5 Nd7
16. Qg3 b5 17. h4 Qc7 18. Bf4 Qb7 19. Ng5 Rfe8 20. Be3 exf5 21. gxf5 Nxe5 22.
Bf4 Bxg5 23. Bxg5 f6 24. Bxf6 Nexc4 25. Nxc4 Nxc4 26. Rf2 Ne3 27. Be5 d4 28. f6
Qf7 29. fxg7 Qg6 30. Qxg6 hxg6 31. Bd6 Kxg7 32. Bxc5 Rad8 33. Rc1 Re6 34. Rf4
Nf5 35. Bg4 Kh6 36. Kf2 Rde8 37. Bb4 Ba8 38. Bd2 Kg7 39. Rc7+ R6e7 40. Rxe7+
Rxe7 41. Bxf5 gxf5 42. Rxf5 Bc6 43. Rf4 Rf7 44. Rxf7+ Kxf7 45. Kg3 Ke6 46. Kf4
b4 47. axb4 Kd5 48. Kf3 Ke5+ 49. Ke2 Be8 50. Bh6 Kf5 51. Bg7 Kg4 52. Bxd4 Kxh4
53. Ke3 Kg4 54. Ke4 Bc6+ 55. Ke5 Bb5 56. Bg1 Bxd3 57. Kd4 Bf1 58. Kc5 Kf5 59.
b5 Ke6 60. Kc6 Bg2+ 61. Kc7 Kd5 62. b6 Kc4 63. b7 Bxb7 64. Kxb7 Kb3 65. Bd4 a3
66. bxa3 Kxa3 1/2-1/2

[Event "4NCL Division 1b"]
[Site "Birmingham ENG"]
[Date "2015.02.15"]
[Round "6.166"]
[White "Burrows, Martin P"]
[Black "Batchelor, Peter J"]
[Result "1/2-1/2"]
[WhiteElo "2130"]
[BlackElo "2317"]
[PlyCount "90"]
[EventDate "2015.02.15"]
[WhiteTeam "e2e4.org.uk 1"]
[BlackTeam "Grantham Sharks 1"]

1. e4 c6 2. d4 d5 3. e5 Bf5 4. Nf3 e6 5. Be2 Nd7 6. O-O h6 7. a4 Ne7 8. a5 Bh7
9. Nbd2 Ng6 10. g3 a6 11. h4 Qc7 12. h5 Ne7 13. b4 Nc8 14. c3 Na7 15. Nb3 Nb5
16. Bd2 O-O-O 17. c4 dxc4 18. Bxc4 Nb8 19. Qe1 Bf5 20. Kg2 Bg4 21. Be3 Bxh5 22.
Rh1 Bg6 23. d5 Rxd5 24. Bxd5 exd5 25. Bb6 Qd7 26. Nfd4 Be7 27. Rc1 Re8 28. Nxb5
axb5 29. Qc3 Na6 30. Nc5 Bxc5 31. Bxc5 Qg4 32. Rh4 Qe6 33. Be3 h5 34. Qd4 Qxe5
35. Qa7 Qb8 36. Qb6 Qc7 37. Qa7 Kd7 38. Rd4 Qb8 39. Qb6 Ke7 40. Bf4 Qc8 41.
Re1+ Kf8 42. Bd6+ Kg8 43. Rxe8+ Qxe8 44. Qxb7 Be4+ 45. f3 Bd3 1/2-1/2

[Event "4NCL Division 1b"]
[Site "Birmingham ENG"]
[Date "2015.02.15"]
[Round "6.167"]
[White "Williams, Samuel G"]
[Black "Byron, Alan M"]
[Result "1-0"]
[WhiteElo "2273"]
[BlackElo "2172"]
[PlyCount "99"]
[EventDate "2015.02.15"]
[WhiteTeam "Grantham Sharks 1"]
[BlackTeam "e2e4.org.uk 1"]

1. d4 Nf6 2. c4 e6 3. Nc3 Bb4 4. Qc2 O-O 5. a3 Bxc3+ 6. Qxc3 b6 7. Bg5 Bb7 8.
e3 d6 9. Ne2 Nbd7 10. Qd3 Ba6 11. Nc3 d5 12. Qd1 Bxc4 13. Bxc4 dxc4 14. Qa4 h6
15. Bh4 Qc8 16. O-O c5 17. Rad1 cxd4 18. Rxd4 e5 19. Rxc4 Nc5 20. Qc2 Qe6 21.
Nb5 Ne8 22. b4 a6 23. Nd4 exd4 24. bxc5 bxc5 25. Rxc5 dxe3 26. Re1 f6 27. Rxe3
Qf7 28. Bg3 Rd8 29. h3 Rd7 30. Rc6 a5 31. Qc5 a4 32. Ra6 f5 33. Rxa4 g5 34. f4
Nd6 35. Rd4 Ne4 36. Rxd7 Qxd7 37. Qc4+ Kg7 38. fxg5 hxg5 39. Be5+ Kg6 40. Rd3
Qa7+ 41. Bd4 Qb8 42. Rb3 Qc8 43. Rb6+ Kh7 44. Rc6 Qe8 45. Rc7+ Kg6 46. Rg7+ Kh5
47. Qc7 Rg8 48. Rh7+ Kg6 49. Re7 Qf8 50. Re6+ 1-0

[Event "4NCL Division 1b"]
[Site "Birmingham ENG"]
[Date "2015.02.15"]
[Round "6.168"]
[White "Norinkeviciute, Rasa"]
[Black "Foisor, Veronica"]
[Result "0-1"]
[WhiteElo "2029"]
[BlackElo "2264"]
[PlyCount "80"]
[EventDate "2015.02.15"]
[WhiteTeam "e2e4.org.uk 1"]
[BlackTeam "Grantham Sharks 1"]

1. c4 c5 2. Nc3 g6 3. g3 Bg7 4. Bg2 e5 5. a3 Nc6 6. Rb1 a5 7. e4 d6 8. d3 Nge7
9. Nge2 O-O 10. O-O Rb8 11. Be3 Be6 12. f4 f6 13. h3 Qd7 14. Kh2 b6 15. g4 f5
16. gxf5 gxf5 17. Qd2 Nd4 18. Ng3 exf4 19. Bxf4 Ng6 20. exf5 Nxf5 21. Nh5 Nxf4
22. Nxg7 Nxg2 23. Nxe6 Qxe6 24. Qxg2+ Kh8 25. Qd5 Qg6 26. Qf3 Qg7 27. Qf4 Rbe8
28. Rg1 Nd4 29. Rxg7 Rxf4 30. Rg3 Rf2+ 31. Rg2 Nf3+ 32. Kg3 Rxg2+ 33. Kxg2 Ne1+
34. Kg3 Nxd3 35. Nd5 Rg8+ 36. Kh4 Ne5 37. Nxb6 Nf3+ 38. Kh5 Rg5+ 39. Kh6 Rg6+
40. Kh5 Kg7 0-1

[Event "4NCL Division 1b"]
[Site "Birmingham ENG"]
[Date "2015.02.15"]
[Round "6.171"]
[White "Morrison, Graham"]
[Black "Wallace, John-Paul"]
[Result "0-1"]
[WhiteElo "2368"]
[BlackElo "2385"]
[PlyCount "124"]
[EventDate "2015.02.15"]
[WhiteTeam "Barbican 4NCL 2"]
[BlackTeam "Cambridge University 1"]

1. d4 Nf6 2. c4 g6 3. Nf3 Bg7 4. g3 d5 5. cxd5 Nxd5 6. Bg2 Nb6 7. Nc3 Nc6 8. e3
O-O 9. O-O Re8 10. a3 Bd7 11. Ne1 Qc8 12. Nd3 Bh3 13. Bxh3 Qxh3 14. Nc5 Rab8
15. Qf3 e5 16. d5 e4 17. N5xe4 Ne5 18. Qe2 Rbd8 19. Rd1 Qg4 20. Qxg4 Nxg4 21.
d6 cxd6 22. h3 f5 23. hxg4 fxe4 24. Rb1 d5 25. Bd2 Nc4 26. Be1 d4 27. exd4 Bxd4
28. Nb5 Bb6 29. b3 Ne5 30. Nd6 Nf3+ 31. Kf1 Re7 32. Nc4 Rd3 33. Nxb6 axb6 34.
Rxd3 exd3 35. Rd1 Nh2+ 36. Kg2 Nxg4 37. Bc3 Rd7 38. Rd2 h5 39. f3 Ne3+ 40. Kf2
Nc2 41. a4 Kf7 42. g4 Ke6 43. Rd1 Rd5 44. Rd2 Kd6 45. Rd1 Kc5 46. gxh5 gxh5 47.
f4 Kd6 48. Kf3 Nd4+ 49. Bxd4 Rxd4 50. Ke3 Kd5 51. Rg1 d2 52. Rd1 h4 53. f5 Ke5
54. f6 Rd7 55. f7 Rxf7 56. Rxd2 h3 57. Rh2 Rh7 58. b4 Rh8 59. Kf2 Kd4 60. Kg1
Kc3 61. b5 Kb3 62. Kh1 Rh5 0-1

[Event "4NCL Division 1b"]
[Site "Birmingham ENG"]
[Date "2015.02.15"]
[Round "6.172"]
[White "Haria, Ravi"]
[Black "Chapman, Terry"]
[Result "1/2-1/2"]
[WhiteElo "2205"]
[BlackElo "2262"]
[PlyCount "54"]
[EventDate "2015.02.15"]
[WhiteTeam "Cambridge University 1"]
[BlackTeam "Barbican 4NCL 2"]

1. Nf3 Nf6 2. g3 d6 3. d4 g6 4. Bg2 Bg7 5. c4 O-O 6. Nc3 Nc6 7. O-O a6 8. h3
Bd7 9. e4 e5 10. Be3 exd4 11. Nxd4 Re8 12. Nxc6 Bxc6 13. Qc2 b5 14. Rfd1 Nd7
15. cxb5 axb5 16. Ne2 Bb7 17. Nd4 Nc5 18. Nxb5 Bxe4 19. Bxe4 Nxe4 20. Bd4 Qd7
21. Bxg7 Kxg7 22. a4 c6 23. Nc3 Ng5 24. h4 Nf3+ 25. Kg2 Nxh4+ 26. gxh4 Qg4+ 27.
Kf1 Qh3+ 1/2-1/2

[Event "4NCL Division 1b"]
[Site "Birmingham ENG"]
[Date "2015.02.15"]
[Round "6.173"]
[White "Knott, Simon"]
[Black "Bisby, Daniel L"]
[Result "1/2-1/2"]
[WhiteElo "2312"]
[BlackElo "2321"]
[PlyCount "83"]
[EventDate "2015.02.15"]
[WhiteTeam "Barbican 4NCL 2"]
[BlackTeam "Cambridge University 1"]

1. Nf3 Nf6 2. c4 g6 3. Nc3 Bg7 4. e4 d6 5. d4 O-O 6. Be2 e5 7. O-O Nh5 8. g3
Bh3 9. Re1 exd4 10. Nxd4 Nf6 11. Be3 Re8 12. f3 Nbd7 13. Qd2 Nc5 14. Rad1 h5
15. Nc2 Ne6 16. Bf1 Bxf1 17. Rxf1 a6 18. a4 Kh7 19. Nd4 Qd7 20. a5 Rad8 21. Kg2
c6 22. Nde2 Qe7 23. Bb6 Rd7 24. Bf2 Nc7 25. Rfe1 Qf8 26. Nf4 Bh6 27. Bd4 Qe7
28. Bxf6 Qxf6 29. Nce2 Ne6 30. b4 Red8 31. Qc1 h4 32. Qa1 Qe7 33. Qc3 Nxf4+ 34.
Nxf4 Bg7 35. Qc2 Qg5 36. Nh3 Qf6 37. Rd3 Kg8 38. Qd2 Qe6 39. Qc1 Qe7 40. Qd2
Qe6 41. Qc1 Re8 42. Rdd1 1/2-1/2

[Event "4NCL Division 1b"]
[Site "Birmingham ENG"]
[Date "2015.02.15"]
[Round "6.174"]
[White "McClement, Andrew"]
[Black "Buchicchio, Giampaolo"]
[Result "0-1"]
[WhiteElo "2187"]
[BlackElo "2331"]
[PlyCount "90"]
[EventDate "2015.02.15"]
[WhiteTeam "Cambridge University 1"]
[BlackTeam "Barbican 4NCL 2"]

1. e4 c5 2. Nf3 Nc6 3. d4 cxd4 4. Nxd4 e5 5. Nb5 d6 6. N1c3 a6 7. Na3 Be6 8.
Nc4 Nf6 9. Bg5 Nd4 10. Ne3 Rc8 11. Bd3 Be7 12. Bxf6 Bxf6 13. Ncd5 Bg5 14. c3
Nc6 15. Qe2 O-O 16. h4 Bxe3 17. Nxe3 Ne7 18. O-O d5 19. exd5 Nxd5 20. Nxd5 Qxd5
21. Be4 Qc5 22. Bxb7 Bc4 23. Qf3 Bxf1 24. Bxc8 Bxg2 25. Kxg2 Qxc8 26. Rd1 Qc4
27. h5 Qxa2 28. h6 Qxb2 29. Qg3 Qb7+ 30. Kh2 f6 31. Rd6 a5 32. Qd3 Qf7 33. hxg7
Qxg7 34. Qh3 Kh8 35. Rd7 Qg6 36. Rd3 Qe4 37. Rg3 Qf4 38. Kg2 Qe4+ 39. Kh2 Qf4
40. Kg2 f5 41. Qh5 e4 42. c4 Qe5 43. Qh6 Qf6 44. Qf4 Qe7 45. Rg5 Qxg5+ 0-1

[Event "4NCL Division 1b"]
[Site "Birmingham ENG"]
[Date "2015.02.15"]
[Round "6.175"]
[White "Berry, Neil"]
[Black "Bukojemski, Adam"]
[Result "0-1"]
[WhiteElo "2272"]
[BlackElo "2224"]
[PlyCount "106"]
[EventDate "2015.02.15"]
[WhiteTeam "Barbican 4NCL 2"]
[BlackTeam "Cambridge University 1"]

1. d4 Nf6 2. c4 g6 3. Nc3 Bg7 4. e4 d6 5. Nf3 O-O 6. Be2 e5 7. Be3 Qe8 8. dxe5
Ng4 9. Bg5 Nxe5 10. Nd4 Be6 11. Nxe6 fxe6 12. O-O Nec6 13. Rc1 Nd7 14. Be3 Nc5
15. f3 Rf7 16. Qd2 a6 17. Bd1 Qf8 18. Re1 Ne5 19. Be2 Nc6 20. Bd1 b5 21. cxb5
axb5 22. Nxb5 Rxa2 23. Nc3 Ra8 24. Rb1 Rb8 25. Na4 Nb3 26. Bxb3 Rxb3 27. Qc2
Nd4 28. Bxd4 Bxd4+ 29. Kh1 Rb4 30. Nc3 Qh6 31. Ne2 Be5 32. f4 Bxf4 33. Nxf4
Qxf4 34. Qe2 Qe5 35. Qc2 c5 36. Qc3 Rfb7 37. Qxe5 dxe5 38. Rbc1 R7b5 39. Re2
Rxb2 40. Rxb2 Rxb2 41. Kg1 Rb5 42. Rd1 Rb8 43. Rd6 Rc8 44. Rxe6 c4 45. Rd6 c3
46. Rd1 Kf7 47. Kf2 c2 48. Rc1 Kf6 49. h4 g5 50. hxg5+ Kxg5 51. g3 Kg4 52. Kg2
Rc3 53. Kf2 h5 0-1

[Event "4NCL Division 1b"]
[Site "Birmingham ENG"]
[Date "2015.02.15"]
[Round "6.176"]
[White "Chevannes, Sabrina L"]
[Black "Rogers, Jonathan"]
[Result "1/2-1/2"]
[WhiteElo "2171"]
[BlackElo "2281"]
[PlyCount "58"]
[EventDate "2015.02.15"]
[WhiteTeam "Cambridge University 1"]
[BlackTeam "Barbican 4NCL 2"]

1. d4 d5 2. Nf3 e6 3. c4 Nf6 4. Nc3 Bb4 5. Qa4+ Nc6 6. e3 O-O 7. Bd2 dxc4 8.
Bxc4 a6 9. O-O Qe7 10. a3 Bd6 11. Qc2 e5 12. Ng5 g6 13. d5 Nb8 14. e4 b5 15.
Ba2 Nbd7 16. Nf3 Nh5 17. Ne2 Nb6 18. Bh6 Re8 19. Rfc1 Bg4 20. Ng5 Nf4 21. Nxf4
exf4 22. f3 Bd7 23. Re1 Nc4 24. Bxc4 bxc4 25. Qxc4 f6 26. e5 Bc5+ 27. Kh1 Bb5
28. Qxf4 fxg5 29. Bxg5 Qf7 1/2-1/2

[Event "4NCL Division 1b"]
[Site "Birmingham ENG"]
[Date "2015.02.15"]
[Round "6.177"]
[White "Coleman, David"]
[Black "Lee, Richard WY"]
[Result "1/2-1/2"]
[WhiteElo "2231"]
[BlackElo "2147"]
[PlyCount "81"]
[EventDate "2015.02.15"]
[WhiteTeam "Barbican 4NCL 2"]
[BlackTeam "Cambridge University 1"]

1. e4 c5 2. Nf3 e6 3. d4 cxd4 4. Nxd4 Nf6 5. Nc3 d6 6. Be2 a6 7. f4 Be7 8. Be3
O-O 9. O-O Nc6 10. Qe1 Nxd4 11. Bxd4 b5 12. a3 Bb7 13. Qg3 g6 14. Bf3 a5 15.
Rad1 Qb8 16. e5 Nd7 17. Ne4 Bxe4 18. Bxe4 d5 19. Bf3 Kh8 20. h4 Qc7 21. c3 b4
22. axb4 axb4 23. cxb4 Qc4 24. h5 Rg8 25. Qf2 Qxb4 26. hxg6 hxg6 27. Rc1 Rgc8
28. g4 Bc5 29. Bxc5 Rxc5 30. f5 Rac8 31. fxg6 fxg6 32. Rce1 Rc2 33. Re2 Rxe2
34. Bxe2 Rf8 35. Qh4+ Kg7 36. Rxf8 Qxf8 37. Qg5 Kh7 38. Qh4+ Kg7 39. Qg5 Kh7
40. Qh4+ Kg7 41. Qg5 1/2-1/2

[Event "4NCL Division 1b"]
[Site "Birmingham ENG"]
[Date "2015.02.15"]
[Round "6.178"]
[White "Spencer, Carl J"]
[Black "Bhatia, Kanwal"]
[Result "0-1"]
[WhiteElo "2186"]
[BlackElo "2038"]
[PlyCount "122"]
[EventDate "2015.02.15"]
[WhiteTeam "Cambridge University 1"]
[BlackTeam "Barbican 4NCL 2"]

1. d4 Nf6 2. Nf3 c5 3. d5 b5 4. c4 g6 5. Qc2 bxc4 6. e4 Bg7 7. Bxc4 d6 8. O-O
O-O 9. Nc3 Ba6 10. Nb5 Qb6 11. a4 Nbd7 12. h3 Bxb5 13. axb5 Ne8 14. Qe2 Nc7 15.
Bf4 Rfe8 16. Ra3 Qb7 17. Rd1 Nb6 18. b3 Nd7 19. Rd2 Bc3 20. Rda2 Bb4 21. Ra4
Nb6 22. Rxb4 cxb4 23. Bd3 Nd7 24. Nd4 Ne5 25. Bxe5 dxe5 26. Nc6 f6 27. Bc4 Kg7
28. h4 Qb6 29. h5 Qc5 30. Rc2 Rec8 31. Bd3 Qd6 32. Qe3 Ne8 33. h6+ Kf8 34. Ra2
Qc7 35. g3 Qb6 36. Qf3 Qc5 37. Rc2 Qd6 38. Qe3 Rc7 39. f4 exf4 40. gxf4 Qd7 41.
Rg2 Rac8 42. Kh2 Rb7 43. Bc4 Nd6 44. f5 g5 45. Nd4 Nxc4 46. bxc4 Qd6+ 47. e5
Qxe5+ 48. Qxe5 fxe5 49. Nc6 Kf7 50. Kh3 Kf6 51. Kg4 Ra8 52. Nxb4 a5 53. Nc6 a4
54. Nb4 a3 55. d6 exd6 56. Ra2 Ra4 57. Nd5+ Kf7 58. Ne3 Rxb5 59. Kxg5 Rb2 60.
Ra1 a2 61. Rd1 a1=Q 0-1